| 000 | 01089nam a22002657a 4500 | ||
|---|---|---|---|
| 001 | BD-DhSAU 9278 | ||
| 003 | BD-DhSAU | ||
| 005 | 20221215123841.0 | ||
| 008 | 150613b2018 bg a|||| m||| 00| 0 eng d | ||
| 040 | _aBD-DhSAU | ||
| 082 |
_222 _a63439 _bM5803 |
||
| 100 |
_aMia, Rased _eRegistration No. # 14-06219 |
||
| 245 |
_aEffect of household organic waste compost on growth and yield of indin spinach (basella alba L.) / _bMS thesis |
||
| 260 |
_aSher-e-Bangla Agricultural University : _bDepartment of Agroforestry and Environmental Science, _c2021 |
||
| 300 |
_aix, 62p. : _bill. ; _c30 cm. |
||
| 500 | _aMS thesis of Department of Agroforestry and Environmental Science, Faculty of Agriculture, Sher-e-Bangla Agricultural University, Dhaka, Bangladesh | ||
| 504 | _aIncludes bibliographical reference. | ||
| 590 | _aNazmul | ||
| 650 | _ahousehold organic waste compost | ||
| 650 | _aindin spinach (basella alba L.) / | ||
| 700 |
_aAssist. Peof. Md. Abdul Halim _eSuperviser |
||
| 700 |
_a Prof. Dr. Forhad Hossain _eCo-superviser |
||
| 942 |
_2ddc _cTHESIS |
||
| 999 |
_c16397 _d16396 |
||